Banderas de los departamentos de Uruguay - Estadísticas

Estadísticas generales
  • Esta prueba ha sido intentada 30 veces
  • La puntuación promedio es 13 de 19
Estadísticas de respuestas
Imagen Respuesta % Correcto
Lavalleja
94%
Tacuarembó
94%
Rocha
88%
Paysandú
75%
Soriano
75%
Flores
69%
Maldonado
69%
Montevideo
69%
Rivera
69%
Salto
69%
Florida
63%
Río Negro
63%
Artigas
56%
Colonia
56%
Durazno
56%
Treinta y Tres
56%
Canelones
50%
Cerro Largo
50%
San José
50%
No se encontraron pruebas coincidentes
Distribución de puntuación
Porcentaje de gente con cada puntuación
Porcentaje por número respondido
Historial de tus puntuaciones
No has intentado esta prueba.